| 000 | 00345cam a2200133ua 4500 | ||
|---|---|---|---|
| 020 | _a0-07-052951-5 | ||
| 082 |
_a333.79 _bRIT/SO |
||
| 100 |
_aRitchie, James D . _91617 |
||
| 245 | _aSource Book for Farm Energy Alternatives / | ||
| 250 | _a1 / | ||
| 260 |
_aNew York : _bMcGraw Hill Book Company , _c1983. |
||
| 300 | _a232 ; . | ||
| 942 | _cREF | ||
| 999 |
_c8956 _d8956 |
||